CHEMIZACE A BIOLOGIZACE V MODERNÍ VÝŽIVĚ ZVÍŘAT

Podrobná bibliografia
Hlavný autor: Puchta, V. (Autor)
Médium: Článok
Jazyk:čeština

MARC

LEADER 00000nab a2200000uu 4500
001 vtls011452912
003 SK-MaSNL
005 20260303113325.0
008 230121|1962 xo |||||||||||||||||cze|
015 |a SNBRB 
035 |a (urnnbn)urn:nbn:sk:snk:ar-007y93 
035 |a (uuid)4b2dd33d-e82c-448e-b12f-cc85928dd004 
035 |a urn:nbn:sk:snk-abcojb 
040 |a SNKBUCL  |b slo  |c SNKBUCL  |e AACR2 
041 0 |a cze 
044 |a xo  |c SK 
100 1 |a Puchta, V.  |4 aut  |9 1122426 
245 1 0 |a CHEMIZACE A BIOLOGIZACE V MODERNÍ VÝŽIVĚ ZVÍŘAT  |c V. Puchta 
773 0 |t Farmaceutický obzor : odborný časopis Ministerstva zdravotníctva Slovenskej republiky a Slovenskej zdravotníckej univerzity v Bratislave  |g Roč. 31, č. 3 (1962), s. 133-135 
954 |a odborná, vedecká literatúra cudzojazyčná (svetová)  |2 lita 
958 |a OND 
958 |a EUIPO 
958 |a article16 
999 |c 1891813  |d 1893743